| 000 | 00543nam a2200181Ia 4500 | ||
|---|---|---|---|
| 008 | 090123s9999 xx 000 0 und d | ||
| 082 | _b28571 | ||
| 100 | _aगोवारीकर दीपा गजानन | ||
| 245 | _aवसा | ||
| 250 | _a1 | ||
| 260 |
_bप्रतिमा प्रकाशन _c1998 |
||
| 300 | _a224 | ||
| 600 | _aगोवारीकर दीपा गजानन | ||
| 630 | _aवसा | ||
| 700 | _aगोवारीकर दीपा गजानन | ||
| 730 | _aवसा | ||
| 942 | _cBOOK | ||
| 999 |
_c67106 _d67106 |
||